<The> Nature and Importance of Dislosing Information About Interests in Any Subsidiaries, Joint Ventures and Associates According to IFRSs
Vymedzenie podielov v iných účtovných jednotkách a ich účtovné zobrazenie. Zverejňovanie informácií o uplatnených významných úsudkoch a predpokladoch pri posúdení miery vplyvu a o podieloch v konsolidovaných dcérskych podnikoch, spoločných podnikoch a pridružených podnikoch.
Guardado en:
| Autor principal: | |
|---|---|
| Formato: | Capítulo de libro |
| Lenguaje: | eslovaco |
| Materias: | |
| Etiquetas: |
Sin Etiquetas, Sea el primero en etiquetar este registro!
|
MARC
| LEADER | 00000nla a2200000 4500 | ||
|---|---|---|---|
| 001 | 0240935 | ||
| 005 | 20240502083646.2 | ||
| 041 | 0 | |a slo | |
| 044 | |a CZ | ||
| 245 | 1 | 0 | |a <The> Nature and Importance of Dislosing Information About Interests in Any Subsidiaries, Joint Ventures and Associates According to IFRSs |c Renáta Hornická |
| 520 | |a Vymedzenie podielov v iných účtovných jednotkách a ich účtovné zobrazenie. Zverejňovanie informácií o uplatnených významných úsudkoch a predpokladoch pri posúdení miery vplyvu a o podieloch v konsolidovaných dcérskych podnikoch, spoločných podnikoch a pridružených podnikoch. | ||
| 610 | 2 | 0 | |a účtovníctvo |
| 610 | 2 | 0 | |a jednotka účtovná |
| 610 | 2 | 0 | |a jednotka zobrazovacia |
| 610 | 2 | 0 | |a investície finančné |
| 610 | 2 | 0 | |a informácie účtovné |
| 610 | 2 | 0 | |a závierka účtovná |
| 610 | 2 | 0 | |a podiely obchodné |
| 610 | 2 | 0 | |a spoločnosti dcérske |
| 610 | 2 | 0 | |a podnik pridružený |
| 610 | 2 | 0 | |a podnik spoločný |
| 100 | 1 | |a Hornická, Renáta, 1977- | |